| Registos Bibliográficos associados ao registo de autoridade |
|
Etiqueta de registo: 00000nkm 2200025 450 001 2272998 003 http://id.bnportugal.gov.pt/bib/catbnp/2272998 100 ## $a20260227d1984 m y0pory01030103ba 101 0# $apor 102 ## $aPT 200 1# $a3.º Congresso AAP, Alcance e Defesa do Exercício da Profissão de Arquitecto, Lisboa,
2 a 5 abril 1984$bVisual gráfico]$fAssociação dos Arquitectos Portugueses$gLina Pedro + A. Inverno 210 #9 $aLisboa$cAssociação dos Arquitectos Portugueses,$d1984 215 ## $a1 cartaz$ccolor.$d54,3x37,8 cm 317 ## $aColeção Madeira Luís 702 #1 $aPedro,$bLina$4410$31037311 710 02 $aCongresso da Associação dos Arquitectos Portugueses$b3$eLisboa$f1984$31994128 712 02 $aAssociação dos Arquitectos Portugueses$31324 801 #0 $aPT$bBN$gRPC 966 ## $lBN$mICONOG$sCT. 22722 A.$x3 971 ## $cCaticonografia3$d20260227 995 ## $aPRR2026
|
|
|